NBA/ABA 3000 PSP SEASON - Statistics

General Stats
  • This quiz has been taken 22 times
  • The average score is 663 of 1579
Answer Stats
Rk Player PSP Season Team League % Correct
6 LeBron James 6038 2018 CLE NBA
94%
43 LeBron James 5182 2009 CLE NBA
94%
49 LeBron James 5116 2017 CLE NBA
94%
50 LeBron James 5096 2013 MIA NBA
94%
59 LeBron James 4962 2011 MIA NBA
94%
62 LeBron James 4949 2006 CLE NBA
94%
63 LeBron James 4945 2010 CLE NBA
94%
69 LeBron James 4923 2020 LAL NBA
94%
79 LeBron James 4845 2008 CLE NBA
94%
85 LeBron James 4814 2016 CLE NBA
94%
90 LeBron James 4802 2007 CLE NBA
94%
119 LeBron James 4671 2014 MIA NBA
94%
142 LeBron James 4558 2015 CLE NBA
94%
194 LeBron James 4352 2012 MIA NBA
94%
267 LeBron James 4146 2005 CLE NBA
94%
330 LeBron James 4023 2024 LAL NBA
94%
517 LeBron James 3727 2023 LAL NBA
94%
1149 LeBron James 3204 2004 CLE NBA
94%
8 Michael Jordan 5909 1989 CHI NBA
82%
13 Michael Jordan 5616 1990 CHI NBA
82%
30 Michael Jordan 5360 1992 CHI NBA
82%
36 Michael Jordan 5279 1993 CHI NBA
82%
37 Michael Jordan 5268 1991 CHI NBA
82%
39 Michael Jordan 5240 1988 CHI NBA
82%
93 Michael Jordan 4788 1996 CHI NBA
82%
96 Michael Jordan 4770 1997 CHI NBA
82%
98 Michael Jordan 4763 1987 CHI NBA
82%
141 Michael Jordan 4563 1998 CHI NBA
82%
211 Michael Jordan 4297 1985 CHI NBA
82%
1558 DeAndre Jordan 3009 2015 LAC NBA
76%
64 Kobe Bryant 4942 2008 LAL NBA
76%
84 Kobe Bryant 4820 2003 LAL NBA
76%
108 Kobe Bryant 4714 2009 LAL NBA
76%
165 Kobe Bryant 4476 2006 LAL NBA
76%
202 Kobe Bryant 4332 2010 LAL NBA
76%
206 Kobe Bryant 4324 2002 LAL NBA
76%
295 Kobe Bryant 4083 2007 LAL NBA
76%
353 Kobe Bryant 3988 2001 LAL NBA
76%
513 Kobe Bryant 3731 2011 LAL NBA
76%
587 Kobe Bryant 3650 2004 LAL NBA
76%
603 Kobe Bryant 3635 2013 LAL NBA
76%
687 Kobe Bryant 3536 2000 LAL NBA
76%
1244 Kobe Bryant 3146 2005 LAL NBA
76%
1388 Kobe Bryant 3084 2012 LAL NBA
76%
1 Wilt Chamberlain 7278 1962 PHW NBA
76%
2 Wilt Chamberlain 6337 1964 SFW NBA
76%
3 Wilt Chamberlain 6206 1967 PHI NBA
76%
4 Wilt Chamberlain 6147 1968 PHI NBA
76%
5 Wilt Chamberlain 6082 1963 SFW NBA
76%
10 Wilt Chamberlain 5741 1966 PHI NBA
76%
11 Wilt Chamberlain 5670 1961 PHW NBA
76%
16 Wilt Chamberlain 5553 1960 PHW NBA
76%
23 Wilt Chamberlain 5424 1965 PHI,SFW NBA
76%
74 Wilt Chamberlain 4894 1969 LAL NBA
76%
167 Wilt Chamberlain 4461 1971 LAL NBA
76%
300 Wilt Chamberlain 4076 1972 LAL NBA
76%
332 Wilt Chamberlain 4020 1973 LAL NBA
76%
103 Bill Russell 4732 1962 BOS NBA
71%
137 Bill Russell 4570 1963 BOS NBA
71%
172 Bill Russell 4452 1965 BOS NBA
71%
174 Bill Russell 4448 1966 BOS NBA
71%
201 Bill Russell 4335 1960 BOS NBA
71%
205 Bill Russell 4329 1964 BOS NBA
71%
208 Bill Russell 4312 1961 BOS NBA
71%
280 Bill Russell 4112 1967 BOS NBA
71%
319 Bill Russell 4048 1968 BOS NBA
71%
475 Bill Russell 3780 1959 BOS NBA
71%
491 Bill Russell 3754 1969 BOS NBA
71%
711 Bill Russell 3515 1958 BOS NBA
71%
104 Chris Paul 4724 2008 NOH NBA
71%
189 Chris Paul 4378 2009 NOH NBA
71%
199 Chris Paul 4340 2015 LAC NBA
71%
560 Chris Paul 3673 2011 NOH NBA
71%
592 Chris Paul 3645 2021 PHO NBA
71%
642 Chris Paul 3575 2016 LAC NBA
71%
665 Chris Paul 3554 2014 LAC NBA
71%
974 Chris Paul 3305 2022 PHO NBA
71%
1104 Chris Paul 3231 2013 LAC NBA
71%
1357 Chris Paul 3099 2012 LAC NBA
71%
1429 Chris Paul 3061 2006 NOK NBA
71%
1507 Chris Paul 3032 2018 HOU NBA
71%
1531 Chris Paul 3024 2017 LAC NBA
71%
798 D'Angelo Russell 3432 2019 BRK NBA
71%
1134 David West 3214 2008 NOH NBA
71%
14 James Harden 5573 2017 HOU NBA
71%
32 James Harden 5327 2019 HOU NBA
71%
75 James Harden 4872 2018 HOU NBA
71%
76 James Harden 4870 2015 HOU NBA
71%
127 James Harden 4624 2020 HOU NBA
71%
147 James Harden 4539 2016 HOU NBA
71%
407 James Harden 3898 2022 BRK,PHI NBA
71%
483 James Harden 3762 2013 HOU NBA
71%
716 James Harden 3503 2014 HOU NBA
71%
834 James Harden 3405 2023 PHI NBA
71%
1182 James Harden 3185 2024 LAC NBA
71%
106 Jerry West 4723 1966 LAL NBA
71%
118 Jerry West 4685 1970 LAL NBA
71%
163 Jerry West 4491 1972 LAL NBA
71%
207 Jerry West 4316 1962 LAL NBA
71%
289 Jerry West 4093 1965 LAL NBA
71%
458 Jerry West 3819 1973 LAL NBA
71%
637 Jerry West 3585 1969 LAL NBA
71%
696 Jerry West 3529 1964 LAL NBA
71%
733 Jerry West 3489 1971 LAL NBA
71%
1194 Jerry West 3179 1967 LAL NBA
71%
1208 Jerry West 3171 1961 LAL NBA
71%
1403 Jerry West 3077 1963 LAL NBA
71%
9 Luka Doncic 5774 2024 DAL NBA
71%
148 Luka Doncic 4537 2022 DAL NBA
71%
315 Luka Doncic 4052 2021 DAL NBA
71%
413 Luka Doncic 3888 2023 DAL NBA
71%
438 Luka Doncic 3843 2020 DAL NBA
71%
1459 Luka Doncic 3049 2019 DAL NBA
71%
12 Russell Westbrook 5632 2017 OKC NBA
71%
27 Russell Westbrook 5391 2016 OKC NBA
71%
57 Russell Westbrook 4986 2018 OKC NBA
71%
160 Russell Westbrook 4498 2019 OKC NBA
71%
175 Russell Westbrook 4439 2011 OKC NBA
71%
246 Russell Westbrook 4207 2021 WAS NBA
71%
461 Russell Westbrook 3809 2013 OKC NBA
71%
557 Russell Westbrook 3676 2015 OKC NBA
71%
662 Russell Westbrook 3559 2012 OKC NBA
71%
825 Russell Westbrook 3411 2010 OKC NBA
71%
1130 Russell Westbrook 3216 2022 LAL NBA
71%
1147 Russell Westbrook 3206 2020 HOU NBA
71%
1498 Russell Westbrook 3036 2023 LAC,LAL NBA
71%
15 Shaquille O'Neal 5567 2000 LAL NBA
71%
73 Shaquille O'Neal 4896 1995 ORL NBA
71%
100 Shaquille O'Neal 4751 2001 LAL NBA
71%
222 Shaquille O'Neal 4273 1994 ORL NBA
71%
307 Shaquille O'Neal 4061 2002 LAL NBA
71%
452 Shaquille O'Neal 3823 2003 LAL NBA
71%
498 Shaquille O'Neal 3742 2004 LAL NBA
71%
569 Shaquille O'Neal 3665 1993 ORL NBA
71%
729 Shaquille O'Neal 3492 1998 LAL NBA
71%
765 Shaquille O'Neal 3464 2005 MIA NBA
71%
1447 Shaquille O'Neal 3053 1996 ORL NBA
71%
1402 Fred Brown 3077 1975 SEA NBA
65%
28 Hakeem Olajuwon 5384 1994 HOU NBA
65%
60 Hakeem Olajuwon 4952 1993 HOU NBA
65%
71 Hakeem Olajuwon 4901 1995 HOU NBA
65%
203 Hakeem Olajuwon 4331 1990 HOU NBA
65%
273 Hakeem Olajuwon 4130 1989 HOU NBA
65%
335 Hakeem Olajuwon 4014 1997 HOU NBA
65%
363 Hakeem Olajuwon 3977 1986 HOU NBA
65%
371 Hakeem Olajuwon 3958 1987 HOU NBA
65%
406 Hakeem Olajuwon 3900 1996 HOU NBA
65%
524 Hakeem Olajuwon 3717 1988 HOU NBA
65%
823 Hakeem Olajuwon 3412 1985 HOU NBA
65%
1354 Hakeem Olajuwon 3100 1992 HOU NBA
65%
684 Jaylen Brown 3538 2023 BOS NBA
65%
793 Jaylen Brown 3440 2022 BOS NBA
65%
927 Jaylen Brown 3341 2024 BOS NBA
65%
114 Jayson Tatum 4692 2023 BOS NBA
65%
138 Jayson Tatum 4569 2022 BOS NBA
65%
191 Jayson Tatum 4364 2024 BOS NBA
65%
880 Jayson Tatum 3371 2020 BOS NBA
65%
1274 Jayson Tatum 3133 2021 BOS NBA
65%
25 Julius Erving 5394 1976 NYA ABA
65%
47 Julius Erving 5160 1974 NYA ABA
65%
54 Julius Erving 5013 1972 VIR ABA
65%
95 Julius Erving 4780 1975 NYA ABA
65%
159 Julius Erving 4503 1980 PHI NBA
65%
190 Julius Erving 4371 1981 PHI NBA
65%
193 Julius Erving 4360 1982 PHI NBA
65%
226 Julius Erving 4264 1973 VIR ABA
65%
237 Julius Erving 4223 1977 PHI NBA
65%
489 Julius Erving 3754 1979 PHI NBA
65%
924 Julius Erving 3344 1984 PHI NBA
65%
1050 Julius Erving 3270 1983 PHI NBA
65%
1116 Julius Erving 3227 1978 PHI NBA
65%
1327 Julius Erving 3112 1985 PHI NBA
65%
518 Kyrie Irving 3727 2017 CLE NBA
65%
883 Kyrie Irving 3370 2019 BOS NBA
65%
986 Kyrie Irving 3301 2024 DAL NBA
65%
1158 Kyrie Irving 3199 2015 CLE NBA
65%
24 Larry Bird 5411 1985 BOS NBA
65%
33 Larry Bird 5324 1987 BOS NBA
65%
40 Larry Bird 5229 1986 BOS NBA
65%
41 Larry Bird 5194 1984 BOS NBA
65%
65 Larry Bird 4941 1988 BOS NBA
65%
124 Larry Bird 4635 1981 BOS NBA
65%
232 Larry Bird 4239 1982 BOS NBA
65%
260 Larry Bird 4168 1983 BOS NBA
65%
292 Larry Bird 4089 1990 BOS NBA
65%
386 Larry Bird 3932 1980 BOS NBA
65%
1378 Larry Bird 3090 1991 BOS NBA
65%
18 Magic Johnson 5548 1987 LAL NBA
65%
38 Magic Johnson 5250 1991 LAL NBA
65%
44 Magic Johnson 5174 1989 LAL NBA
65%
52 Magic Johnson 5037 1985 LAL NBA
65%
61 Magic Johnson 4951 1988 LAL NBA
65%
91 Magic Johnson 4793 1990 LAL NBA
65%
97 Magic Johnson 4769 1984 LAL NBA
65%
107 Magic Johnson 4716 1983 LAL NBA
65%
125 Magic Johnson 4630 1982 LAL NBA
65%
135 Magic Johnson 4575 1986 LAL NBA
65%
265 Magic Johnson 4155 1980 LAL NBA
65%
26 Nikola Jokic 5391 2024 DEN NBA
65%
35 Nikola Jokic 5287 2023 DEN NBA
65%
123 Nikola Jokic 4655 2022 DEN NBA
65%
130 Nikola Jokic 4591 2019 DEN NBA
65%
144 Nikola Jokic 4548 2021 DEN NBA
65%
236 Nikola Jokic 4224 2020 DEN NBA
65%
1072 Nikola Jokic 3255 2018 DEN NBA
65%
139 Patrick Ewing 4567 1994 NYK NBA
65%
158 Patrick Ewing 4503 1990 NYK NBA
65%
268 Patrick Ewing 4142 1993 NYK NBA
65%
324 Patrick Ewing 4033 1992 NYK NBA
65%
358 Patrick Ewing 3983 1991 NYK NBA
65%
463 Patrick Ewing 3804 1995 NYK NBA
65%
570 Patrick Ewing 3665 1989 NYK NBA
65%
712 Patrick Ewing 3512 1997 NYK NBA
65%
840 Patrick Ewing 3402 1996 NYK NBA
65%
1369 Patrick Ewing 3093 1988 NYK NBA
65%
293 Roger Brown 4086 1970 INA ABA
65%
734 Roger Brown 3489 1969 INA ABA
65%
748 Roger Brown 3479 1971 INA ABA
65%
1078 Roger Brown 3250 1972 INA ABA
65%
87 Stephen Curry 4811 2016 GSW NBA
65%
120 Stephen Curry 4667 2015 GSW NBA
65%
183 Stephen Curry 4408 2017 GSW NBA
65%
278 Stephen Curry 4121 2019 GSW NBA
65%
347 Stephen Curry 3998 2014 GSW NBA
65%
409 Stephen Curry 3893 2022 GSW NBA
65%
430 Stephen Curry 3859 2013 GSW NBA
65%
833 Stephen Curry 3405 2023 GSW NBA
65%
1037 Stephen Curry 3277 2021 GSW NBA
65%
1222 Stephen Curry 3159 2024 GSW NBA
65%
46 Tim Duncan 5161 2003 SAS NBA
65%
152 Tim Duncan 4522 2002 SAS NBA
65%
239 Tim Duncan 4221 2001 SAS NBA
65%
276 Tim Duncan 4125 2007 SAS NBA
65%
473 Tim Duncan 3785 2008 SAS NBA
65%
496 Tim Duncan 3746 1998 SAS NBA
65%
533 Tim Duncan 3699 2006 SAS NBA
65%
568 Tim Duncan 3665 2005 SAS NBA
65%
723 Tim Duncan 3496 2004 SAS NBA
65%
936 Tim Duncan 3333 2000 SAS NBA
65%
1089 Tim Duncan 3241 2013 SAS NBA
65%
1151 Tim Duncan 3203 2010 SAS NBA
65%
1202 Tim Duncan 3173 2014 SAS NBA
65%
1303 Tim Duncan 3122 2009 SAS NBA
65%
164 Allen Iverson 4482 2001 PHI NBA
59%
187 Allen Iverson 4392 2003 PHI NBA
59%
227 Allen Iverson 4261 2005 PHI NBA
59%
404 Allen Iverson 3902 2008 DEN NBA
59%
451 Allen Iverson 3823 2006 PHI NBA
59%
760 Allen Iverson 3466 2000 PHI NBA
59%
820 Allen Iverson 3414 1997 PHI NBA
59%
1086 Allen Iverson 3243 1998 PHI NBA
59%
1128 Allen Iverson 3218 2002 PHI NBA
59%
1225 Allen Iverson 3156 2007 DEN,PHI NBA
59%
600 Andre Miller 3638 2002 CLE NBA
59%
1276 Andre Miller 3133 2009 PHI NBA
59%
1282 Andre Miller 3131 2006 DEN NBA
59%
1309 Andre Miller 3119 2008 PHI NBA
59%
1317 Andre Miller 3117 2001 CLE NBA
59%
890 Avery Johnson 3363 1996 SAS NBA
59%
983 Avery Johnson 3302 1995 SAS NBA
59%
1288 Buck Williams 3130 1984 NJN NBA
59%
1310 Buck Williams 3119 1985 NJN NBA
59%
51 Charles Barkley 5067 1993 PHO NBA
59%
243 Charles Barkley 4216 1986 PHI NBA
59%
244 Charles Barkley 4213 1990 PHI NBA
59%
331 Charles Barkley 4021 1989 PHI NBA
59%
389 Charles Barkley 3926 1988 PHI NBA
59%
571 Charles Barkley 3665 1987 PHI NBA
59%
602 Charles Barkley 3637 1991 PHI NBA
59%
717 Charles Barkley 3503 1995 PHO NBA
59%
847 Charles Barkley 3395 1994 PHO NBA
59%
900 Charles Barkley 3358 1996 PHO NBA
59%
903 Charles Barkley 3356 1992 PHI NBA
59%
627 Dennis Johnson 3596 1987 BOS NBA
59%
632 Dennis Johnson 3588 1985 BOS NBA
59%
959 Dennis Johnson 3316 1980 SEA NBA
59%
1181 Dennis Johnson 3186 1988 BOS NBA
59%
1217 Dennis Johnson 3163 1986 BOS NBA
59%
1257 Dennis Johnson 3139 1982 PHO NBA
59%
1449 Dennis Johnson 3053 1979 SEA NBA
59%
255 Deron Williams 4178 2008 UTA NBA
59%
394 Deron Williams 3918 2010 UTA NBA
59%
420 Deron Williams 3867 2007 UTA NBA
59%
958 Deron Williams 3316 2013 BRK NBA
59%
990 Deron Williams 3299 2009 UTA NBA
59%
88 Dwyane Wade 4810 2006 MIA NBA
59%
136 Dwyane Wade 4571 2009 MIA NBA
59%
234 Dwyane Wade 4227 2011 MIA NBA
59%
251 Dwyane Wade 4182 2005 MIA NBA
59%
393 Dwyane Wade 3922 2010 MIA NBA
59%
814 Dwyane Wade 3417 2013 MIA NBA
59%
1479 Dwyane Wade 3043 2016 MIA NBA
59%
1524 Eddie Johnson 3027 1984 KCK NBA
59%
1034 Gus Johnson 3280 1965 BAL NBA
59%
1169 Gus Johnson 3194 1970 BAL NBA
59%
1513 Gus Johnson 3031 1971 BAL NBA
59%
462 Gus Williams 3809 1982 SEA NBA
59%
497 Gus Williams 3746 1980 SEA NBA
59%
705 Gus Williams 3519 1984 SEA NBA
59%
853 Gus Williams 3392 1983 SEA NBA
59%
948 Gus Williams 3325 1985 WSB NBA
59%
1122 Gus Williams 3223 1978 SEA NBA
59%
1161 Gus Williams 3198 1979 SEA NBA
59%
350 Isaiah Thomas 3994 2017 BOS NBA
59%
816 Isaiah Thomas 3416 2016 BOS NBA
59%
53 Isiah Thomas 5030 1985 DET NBA
59%
156 Isiah Thomas 4520 1987 DET NBA
59%
169 Isiah Thomas 4456 1988 DET NBA
59%
186 Isiah Thomas 4395 1984 DET NBA
59%
188 Isiah Thomas 4382 1990 DET NBA
59%
364 Isiah Thomas 3973 1986 DET NBA
59%
403 Isiah Thomas 3905 1989 DET NBA
59%
554 Isiah Thomas 3678 1983 DET NBA
59%
1307 Isiah Thomas 3120 1992 DET NBA
59%
1339 Isiah Thomas 3106 1993 DET NBA
59%
219 Jalen Brunson 4281 2024 NYK NBA
59%
1002 Jalen Brunson 3294 2023 NYK NBA
59%
1502 Jalen Brunson 3035 2022 DAL NBA
59%
809 Joe Johnson 3421 2008 ATL NBA
59%
885 Joe Johnson 3368 2009 ATL NBA
59%
1168 Joe Johnson 3194 2006 ATL NBA
59%
1203 Joe Johnson 3173 2010 ATL NBA
59%
334 Joel Embiid 4016 2022 PHI NBA
59%
369 Joel Embiid 3959 2023 PHI NBA
59%
527 Joel Embiid 3712 2019 PHI NBA
59%
1529 Joel Embiid 3025 2018 PHI NBA
59%
80 John Stockton 4842 1992 UTA NBA
59%
111 John Stockton 4704 1991 UTA NBA
59%
133 John Stockton 4581 1988 UTA NBA
59%
182 John Stockton 4409 1994 UTA NBA
59%
196 John Stockton 4351 1989 UTA NBA
59%
212 John Stockton 4291 1990 UTA NBA
59%
271 John Stockton 4132 1997 UTA NBA
59%
283 John Stockton 4105 1996 UTA NBA
59%
400 John Stockton 3911 1995 UTA NBA
59%
418 John Stockton 3870 1993 UTA NBA
59%
1279 John Stockton 3132 2000 UTA NBA
59%
1468 John Stockton 3047 2002 UTA NBA
59%
638 Jo Jo White 3581 1976 BOS NBA
59%
660 Jo Jo White 3561 1973 BOS NBA
59%
688 Jo Jo White 3536 1972 BOS NBA
59%
739 Jo Jo White 3483 1977 BOS NBA
59%
783 Jo Jo White 3451 1974 BOS NBA
59%
1005 Jo Jo White 3292 1975 BOS NBA
59%
978 Josh Smith 3304 2010 ATL NBA
59%
1189 Josh Smith 3182 2008 ATL NBA
59%
1455 Josh Smith 3051 2011 ATL NBA
59%
1488 Josh Smith 3041 2013 ATL NBA
59%
19 Kareem Abdul-Jabbar 5536 1972 MIL NBA
59%
20 Kareem Abdul-Jabbar 5519 1974 MIL NBA
59%
48 Kareem Abdul-Jabbar 5131 1971 MIL NBA
59%
58 Kareem Abdul-Jabbar 4965 1977 LAL NBA
59%
66 Kareem Abdul-Jabbar 4941 1976 LAL NBA
59%
78 Kareem Abdul-Jabbar 4850 1980 LAL NBA
59%
83 Kareem Abdul-Jabbar 4827 1970 MIL NBA
59%
126 Kareem Abdul-Jabbar 4628 1979 LAL NBA
59%
146 Kareem Abdul-Jabbar 4542 1973 MIL NBA
59%
399 Kareem Abdul-Jabbar 3912 1981 LAL NBA
59%
429 Kareem Abdul-Jabbar 3861 1985 LAL NBA
59%
450 Kareem Abdul-Jabbar 3825 1984 LAL NBA
59%
484 Kareem Abdul-Jabbar 3762 1982 LAL NBA
59%
566 Kareem Abdul-Jabbar 3666 1975 MIL NBA
59%
575 Kareem Abdul-Jabbar 3663 1986 LAL NBA
59%
609 Kareem Abdul-Jabbar 3622 1983 LAL NBA
59%
860 Kareem Abdul-Jabbar 3385 1978 LAL NBA
59%
1532 Kareem Abdul-Jabbar 3024 1987 LAL NBA
59%
77 Karl Malone 4858 1997 UTA NBA
59%
101 Karl Malone 4743 1998 UTA NBA
59%
116 Karl Malone 4686 1994 UTA NBA
59%
122 Karl Malone 4659 1996 UTA NBA
59%
129 Karl Malone 4593 1992 UTA NBA
59%
153 Karl Malone 4522 1991 UTA NBA
59%
204 Karl Malone 4330 1988 UTA NBA
59%
215 Karl Malone 4289 1990 UTA NBA
59%
262 Karl Malone 4161 1993 UTA NBA
59%
282 Karl Malone 4106 1995 UTA NBA
59%
304 Karl Malone 4069 2000 UTA NBA
59%
356 Karl Malone 3984 1989 UTA NBA
59%
588 Karl Malone 3649 2001 UTA NBA
59%
701 Karl Malone 3521 2002 UTA NBA
59%
839 Karl Malone 3402 2003 UTA NBA
59%
1011 Karl Malone 3289 1987 UTA NBA
59%
486 Kawhi Leonard 3758 2019 TOR NBA
59%
634 Kawhi Leonard 3587 2017 SAS NBA
59%
962 Kawhi Leonard 3314 2020 LAC NBA
59%
45 Kevin Durant 5170 2014 OKC NBA
59%
162 Kevin Durant 4491 2013 OKC NBA
59%
214 Kevin Durant 4289 2016 OKC NBA
59%
261 Kevin Durant 4166 2018 GSW NBA
59%
263 Kevin Durant 4159 2019 GSW NBA
59%
320 Kevin Durant 4043 2011 OKC NBA
59%
352 Kevin Durant 3988 2010 OKC NBA
59%
391 Kevin Durant 3923 2012 OKC NBA
59%
619 Kevin Durant 3610 2024 PHO NBA
59%
682 Kevin Durant 3540 2017 GSW NBA
59%
1372 Kevin Durant 3092 2022 BKN,BRK NBA
59%
94 Kevin Johnson 4785 1989 PHO NBA
59%
161 Kevin Johnson 4494 1990 PHO NBA
59%
308 Kevin Johnson 4061 1992 PHO NBA
59%
427 Kevin Johnson 3862 1991 PHO NBA
59%
812 Kevin Johnson 3420 1994 PHO NBA
59%
1055 Kevin Johnson 3262 1997 PHO NBA
59%
479 Larry Johnson 3767 1993 CHH NBA
59%
1172 Larry Johnson 3191 1992 CHH NBA
59%
1234 Larry Johnson 3151 1996 CHH NBA
59%
1380 Larry Johnson 3088 1995 CHH NBA
59%
706 Marques Johnson 3519 1983 MIL NBA
59%
845 Marques Johnson 3396 1978 MIL NBA
59%
920 Marques Johnson 3347 1984 MIL NBA
59%
1108 Marques Johnson 3231 1981 MIL NBA
59%
1109 Marques Johnson 3231 1979 MIL NBA
59%
1174 Marques Johnson 3191 1980 MIL NBA
59%
1271 Micheal Williams 3134 1992 IND NBA
59%
1157 Mickey Johnson 3200 1980 IND NBA
59%
72 Moses Malone 4901 1981 HOU NBA
59%
200 Moses Malone 4340 1982 HOU NBA
59%
257 Moses Malone 4178 1983 PHI NBA
59%
285 Moses Malone 4102 1980 HOU NBA
59%
303 Moses Malone 4070 1979 HOU NBA
59%
401 Moses Malone 3909 1985 PHI NBA
59%
828 Moses Malone 3411 1975 UTS ABA
59%
1176 Moses Malone 3190 1989 ATL NBA
59%
1266 Moses Malone 3136 1984 PHI NBA
59%
1381 Moses Malone 3088 1987 WSB NBA
59%
1438 Moses Malone 3057 1977 BUF,HOU NBA
59%
1543 Moses Malone 3016 1988 WSB NBA
59%
858 Phil Smith 3387 1976 GSW NBA
59%
492 Randy Smith 3752 1976 BUF NBA
59%
804 Randy Smith 3430 1978 BUF NBA
59%
1029 Randy Smith 3281 1975 BUF NBA
59%
1124 Randy Smith 3221 1977 BUF NBA
59%
929 Ray Williams 3341 1980 NYK NBA
59%
1000 Ray Williams 3295 1982 NJN NBA
59%
1490 Ray Williams 3040 1981 NYK NBA
59%
1494 Red Robbins 3038 1970 NOB ABA
59%
1235 Reggie Miller 3150 1990 IND NBA
59%
1389 Reggie Miller 3082 1991 IND NBA
59%
1495 Rudy Gobert 3037 2019 UTA NBA
59%
105 Scottie Pippen 4723 1992 CHI NBA
59%
258 Scottie Pippen 4172 1993 CHI NBA
59%
269 Scottie Pippen 4142 1991 CHI NBA
59%
340 Scottie Pippen 4004 1997 CHI NBA
59%
415 Scottie Pippen 3874 1995 CHI NBA
59%
456 Scottie Pippen 3821 1996 CHI NBA
59%
521 Scottie Pippen 3725 1994 CHI NBA
59%
530 Scottie Pippen 3711 1990 CHI NBA
59%
1503 Scottie Pippen 3035 2000 POR NBA
59%
310 Anthony Davis 4059 2018 NOP NBA
53%
333 Anthony Davis 4019 2024 LAL NBA
53%
459 Anthony Davis 3817 2020 LAL NBA
53%
663 Anthony Davis 3558 2017 NOP NBA
53%
819 Anthony Davis 3414 2023 LAL NBA
53%
1230 Anthony Davis 3153 2015 NOP NBA
53%
235 Anthony Edwards 4226 2024 MIN NBA
53%
613 Anthony Edwards 3616 2023 MIN NBA
53%
410 Baron Davis 3893 2002 CHH NBA
53%
579 Baron Davis 3656 2008 GSW NBA
53%
966 Baron Davis 3312 2001 CHH NBA
53%
1040 Baron Davis 3276 2004 NOH NBA
53%
1098 Baron Davis 3233 2007 GSW NBA
53%
360 Blake Griffin 3980 2014 LAC NBA
53%
650 Blake Griffin 3566 2011 LAC NBA
53%
708 Blake Griffin 3518 2015 LAC NBA
53%
870 Blake Griffin 3377 2019 DET NBA
53%
526 Bob Cousy 3716 1960 BOS NBA
53%
886 Bob Cousy 3367 1955 BOS NBA
53%
996 Bob Cousy 3298 1959 BOS NBA
53%
1016 Bob Cousy 3287 1956 BOS NBA
53%
1045 Bob Cousy 3275 1961 BOS NBA
53%
1155 Bob Cousy 3202 1953 BOS NBA
53%
1260 Bob Cousy 3138 1962 BOS NBA
53%
1471 Bob Cousy 3047 1954 BOS NBA
53%
1506 Bob Cousy 3033 1957 BOS NBA
53%
423 Chauncey Billups 3866 2006 DET NBA
53%
689 Chauncey Billups 3534 2005 DET NBA
53%
846 Chauncey Billups 3395 2009 DEN,DET NBA
53%
941 Chauncey Billups 3331 2004 DET NBA
53%
1200 Chauncey Billups 3176 2008 DET NBA
53%
1384 Chauncey Billups 3086 2007 DET NBA
53%
296 Chris Mullin 4083 1989 GSW NBA
53%
481 Chris Mullin 3765 1991 GSW NBA
53%
788 Chris Mullin 3445 1992 GSW NBA
53%
1121 Chris Mullin 3225 1990 GSW NBA
53%
113 David Robinson 4700 1995 SAS NBA
53%
140 David Robinson 4565 1994 SAS NBA
53%
195 David Robinson 4352 1996 SAS NBA
53%
198 David Robinson 4348 1993 SAS NBA
53%
240 David Robinson 4221 1991 SAS NBA
53%
241 David Robinson 4221 1990 SAS NBA
53%
852 David Robinson 3392 1998 SAS NBA
53%
1101 David Robinson 3232 1992 SAS NBA
53%
306 David Thompson 4062 1976 DNA ABA
53%
351 David Thompson 3992 1978 DEN NBA
53%
683 David Thompson 3540 1977 DEN NBA
53%
155 Derrick Rose 4520 2011 CHI NBA
53%
1220 Derrick Rose 3161 2010 CHI NBA
53%
1419 Derrick Rose 3067 2009 CHI NBA
53%
633 Devin Booker 3587 2021 PHO NBA
53%
894 Devin Booker 3361 2024 PHO NBA
53%
980 Devin Booker 3303 2022 PHO NBA
53%
1255 Devin Booker 3139 2020 PHO NBA
53%
150 Dirk Nowitzki 4533 2006 DAL NBA
53%
245 Dirk Nowitzki 4210 2003 DAL NBA
53%
317 Dirk Nowitzki 4049 2005 DAL NBA
53%
499 Dirk Nowitzki 3741 2009 DAL NBA
53%
675 Dirk Nowitzki 3543 2011 DAL NBA
53%
736 Dirk Nowitzki 3486 2010 DAL NBA
53%
740 Dirk Nowitzki 3482 2007 DAL NBA
53%
772 Dirk Nowitzki 3456 2002 DAL NBA
53%
805 Dirk Nowitzki 3426 2001 DAL NBA
53%
877 Dirk Nowitzki 3372 2008 DAL NBA
53%
1179 Dirk Nowitzki 3186 2004 DAL NBA
53%
1564 Dirk Nowitzki 3007 2014 DAL NBA
53%
225 Draymond Green 4265 2016 GSW NBA
53%
876 Draymond Green 3372 2018 GSW NBA
53%
901 Draymond Green 3357 2017 GSW NBA
53%
1231 Draymond Green 3153 2015 GSW NBA
53%
1199 Flynn Robinson 3177 1970 MIL NBA
53%
112 Giannis Antetokounmpo 4702 2019 MIL NBA
53%
171 Giannis Antetokounmpo 4454 2022 MIL NBA
53%
180 Giannis Antetokounmpo 4412 2021 MIL NBA
53%
253 Giannis Antetokounmpo 4181 2024 MIL NBA
53%
313 Giannis Antetokounmpo 4055 2018 MIL NBA
53%
327 Giannis Antetokounmpo 4028 2020 MIL NBA
53%
370 Giannis Antetokounmpo 3959 2017 MIL NBA
53%
578 Giannis Antetokounmpo 3660 2023 MIL NBA
53%
754 Glenn Robinson 3473 2001 MIL NBA
53%
868 Jalen Rose 3380 2000 IND NBA
53%
1450 Jalen Rose 3052 2003 CHI NBA
53%
134 Jason Kidd 4575 2002 NJN NBA
53%
145 Jason Kidd 4547 2003 NJN NBA
53%
397 Jason Kidd 3913 2007 NJN NBA
53%
550 Jason Kidd 3683 2001 PHO NBA
53%
562 Jason Kidd 3668 1996 DAL NBA
53%
615 Jason Kidd 3615 2006 NJN NBA
53%
855 Jason Kidd 3390 2008 DAL,NJN NBA
53%
982 Jason Kidd 3302 1998 PHO NBA
53%
1038 Jason Kidd 3277 2004 NJN NBA
53%
1195 Jason Kidd 3177 2000 PHO NBA
53%
1236 Jason Kidd 3149 2009 DAL NBA
53%
1353 Jason Kidd 3100 2011 DAL NBA
53%
1386 Jason Kidd 3085 2010 DAL NBA
53%
764 Jermaine O'Neal 3465 2004 IND NBA
53%
1123 Jermaine O'Neal 3221 2003 IND NBA
53%
42 Kevin Garnett 5192 2004 MIN NBA
53%
143 Kevin Garnett 4555 2003 MIN NBA
53%
291 Kevin Garnett 4090 2005 MIN NBA
53%
312 Kevin Garnett 4057 2000 MIN NBA
53%
382 Kevin Garnett 3939 2001 MIN NBA
53%
387 Kevin Garnett 3929 2002 MIN NBA
53%
529 Kevin Garnett 3711 2008 BOS NBA
53%
703 Kevin Garnett 3520 2007 MIN NBA
53%
755 Kevin Garnett 3472 1998 MIN NBA
53%
786 Kevin Garnett 3449 2006 MIN NBA
53%
940 Klay Thompson 3331 2016 GSW NBA
53%
1270 Klay Thompson 3134 2019 GSW NBA
53%
1305 Klay Thompson 3121 2015 GSW NBA
53%
960 Marc Gasol 3315 2015 MEM NBA
53%
1256 Marc Gasol 3139 2019 MEM,TOR NBA
53%
1281 Marc Gasol 3131 2013 MEM NBA
53%
611 Mark Jackson 3621 1988 NYK NBA
53%
905 Mark Jackson 3355 1993 LAC NBA
53%
984 Mark Jackson 3302 1989 NYK NBA
53%
1180 Mark Jackson 3186 1997 DEN,IND NBA
53%
1482 Mark Jackson 3043 1992 NYK NBA
53%
1534 Mark Jackson 3021 1998 IND NBA
53%
1397 Mike Green 3078 1975 DNA ABA
53%
872 Mychal Thompson 3377 1982 POR NBA
53%
1153 Mychal Thompson 3203 1983 POR NBA
53%
431 Pau Gasol 3858 2009 LAL NBA
53%
796 Pau Gasol 3434 2010 LAL NBA
53%
810 Pau Gasol 3421 2006 MEM NBA
53%
830 Pau Gasol 3407 2011 LAL NBA
53%
1021 Pau Gasol 3283 2015 CHI NBA
53%
1322 Pau Gasol 3115 2008 LAL,MEM NBA
53%
252 Paul Pierce 4182 2002 BOS NBA
53%
318 Paul Pierce 4049 2003 BOS NBA
53%
487 Paul Pierce 3758 2008 BOS NBA
53%
685 Paul Pierce 3537 2006 BOS NBA
53%
713 Paul Pierce 3508 2004 BOS NBA
53%
749 Paul Pierce 3477 2005 BOS NBA
53%
973 Paul Pierce 3306 2001 BOS NBA
53%
1008 Paul Pierce 3291 2009 BOS NBA
53%
224 Rajon Rondo 4266 2010 BOS NBA
53%
693 Rajon Rondo 3531 2009 BOS NBA
53%
1184 Rajon Rondo 3183 2012 BOS NBA
53%
1299 Rajon Rondo 3123 2016 SAC NBA
53%
1433 Rajon Rondo 3059 2011 BOS NBA
53%
405 Ray Allen 3902 2001 MIL NBA
53%
950 Ray Allen 3323 2005 SEA NBA
53%
1377 Ray Allen 3090 2000 MIL NBA
53%
780 Rickey Green 3452 1984 UTA NBA
53%
1461 Ricky Davis 3049 2003 CLE NBA
53%
197 Shai Gilgeous-Alexander 4348 2024 OKC NBA
53%
757 Shai Gilgeous-Alexander 3469 2023 OKC NBA
53%
173 Steve Nash 4448 2006 PHO NBA
53%
284 Steve Nash 4102 2010 PHO NBA
53%
316 Steve Nash 4052 2007 PHO NBA
53%
343 Steve Nash 4003 2005 PHO NBA
53%
549 Steve Nash 3683 2008 PHO NBA
53%
558 Steve Nash 3676 2003 DAL NBA
53%
871 Steve Nash 3377 2002 DAL NBA
53%
1291 Steve Nash 3128 2011 PHO NBA
53%
817 Tony Parker 3416 2013 SAS NBA
53%
848 Tony Parker 3394 2005 SAS NBA
53%
928 Tony Parker 3341 2007 SAS NBA
53%
1135 Tony Parker 3213 2006 SAS NBA
53%
1338 Tony Parker 3106 2009 SAS NBA
53%
1418 Tony Parker 3068 2008 SAS NBA
53%
1496 Tony Parker 3037 2003 SAS NBA
53%
593 Truck Robinson 3644 1978 NOJ NBA
53%
1509 Truck Robinson 3032 1981 PHO NBA
53%
551 Walter Davis 3682 1979 PHO NBA
53%
773 Walter Davis 3455 1984 PHO NBA
53%
1143 Walter Davis 3208 1978 PHO NBA
53%
1423 Al Jefferson 3064 2008 MIN NBA
47%
266 Alvan Adams 4155 1976 PHO NBA
47%
931 Alvan Adams 3340 1979 PHO NBA
47%
378 Amar'e Stoudemire 3947 2005 PHO NBA
47%
770 Amar'e Stoudemire 3459 2010 PHO NBA
47%
904 Amar'e Stoudemire 3355 2008 PHO NBA
47%
932 Amar'e Stoudemire 3339 2011 NYK NBA
47%
1105 Amar'e Stoudemire 3231 2007 PHO NBA
47%
281 Antoine Walker 4108 2002 BOS NBA
47%
543 Antoine Walker 3688 2001 BOS NBA
47%
806 Antoine Walker 3424 1998 BOS NBA
47%
849 Antoine Walker 3393 2003 BOS NBA
47%
1374 Antoine Walker 3091 2000 BOS NBA
47%
1514 Antoine Walker 3030 2005 ATL,BOS NBA
47%
738 Bobby Jones 3486 1976 DNA ABA
47%
1087 Bobby Jones 3243 1975 DNA ABA
47%
897 Bob Love 3361 1971 CHI NBA
47%
1510 Bob Love 3032 1974 CHI NBA
47%
55 Bob McAdoo 5011 1975 BUF NBA
47%
102 Bob McAdoo 4738 1976 BUF NBA
47%
192 Bob McAdoo 4361 1974 BUF NBA
47%
249 Bob McAdoo 4200 1978 NYK NBA
47%
875 Bob McAdoo 3373 1977 BUF,NYK NBA
47%
86 Bob Pettit 4814 1961 STL NBA
47%
157 Bob Pettit 4504 1963 STL NBA
47%
166 Bob Pettit 4466 1962 STL NBA
47%
176 Bob Pettit 4424 1964 STL NBA
47%
209 Bob Pettit 4307 1960 STL NBA
47%
346 Bob Pettit 3999 1959 STL NBA
47%
507 Bob Pettit 3736 1958 STL NBA
47%
574 Bob Pettit 3664 1956 STL NBA
47%
644 Bob Pettit 3574 1957 STL NBA
47%
636 Bradley Beal 3585 2019 WAS NBA
47%
988 Bradley Beal 3300 2018 WAS NBA
47%
1298 Bradley Beal 3123 2017 WAS NBA
47%
1361 Bradley Beal 3096 2021 WAS NBA
47%
1186 Caldwell Jones 3183 1975 SDA ABA
47%
1197 Caldwell Jones 3177 1974 SDA ABA
47%
887 Carmelo Anthony 3364 2014 NYK NBA
47%
908 Carmelo Anthony 3351 2008 DEN NBA
47%
1020 Carmelo Anthony 3284 2013 NYK NBA
47%
1030 Carmelo Anthony 3280 2011 DEN,NYK NBA
47%
1079 Carmelo Anthony 3249 2010 DEN NBA
47%
1080 Carmelo Anthony 3249 2006 DEN NBA
47%
1170 Carmelo Anthony 3193 2009 DEN NBA
47%
1424 Carmelo Anthony 3064 2007 DEN NBA
47%
1337 Chet Walker 3107 1967 PHI NBA
47%
1302 Chris Bosh 3122 2011 MIA NBA
47%
1481 Chris Bosh 3043 2009 TOR NBA
47%
115 Clyde Drexler 4688 1992 POR NBA
47%
216 Clyde Drexler 4287 1991 POR NBA
47%
230 Clyde Drexler 4241 1990 POR NBA
47%
298 Clyde Drexler 4079 1988 POR NBA
47%
305 Clyde Drexler 4066 1989 POR NBA
47%
398 Clyde Drexler 3912 1995 HOU,POR NBA
47%
416 Clyde Drexler 3873 1987 POR NBA
47%
826 Clyde Drexler 3411 1986 POR NBA
47%
865 Clyde Drexler 3383 1985 POR NBA
47%
181 Damian Lillard 4412 2019 POR NBA
47%
470 Damian Lillard 3791 2016 POR NBA
47%
572 Damian Lillard 3664 2021 POR NBA
47%
614 Damian Lillard 3616 2020 POR NBA
47%
699 Damian Lillard 3522 2017 POR NBA
47%
735 Damian Lillard 3488 2018 POR NBA
47%
787 Damian Lillard 3447 2014 POR NBA
47%
829 Damian Lillard 3409 2015 POR NBA
47%
863 Damian Lillard 3383 2024 MIL NBA
47%
1427 Damian Lillard 3061 2023 POR NBA
47%
709 Damon Stoudamire 3518 1997 TOR NBA
47%
1504 Damon Stoudamire 3035 1996 TOR NBA
47%
731 De'Aaron Fox 3489 2023 SAC NBA
47%
811 De'Aaron Fox 3420 2024 SAC NBA
47%
1428 De'Aaron Fox 3061 2019 SAC NBA
47%
220 Domantas Sabonis 4281 2024 SAC NBA
47%
338 Domantas Sabonis 4007 2023 SAC NBA
47%
1465 Domantas Sabonis 3048 2021 IND NBA
47%
322 Dominique Wilkins 4038 1988 ATL NBA
47%
374 Dominique Wilkins 3955 1986 ATL NBA
47%
426 Dominique Wilkins 3863 1987 ATL NBA
47%
519 Dominique Wilkins 3727 1991 ATL NBA
47%
779 Dominique Wilkins 3452 1989 ATL NBA
47%
891 Dominique Wilkins 3363 1985 ATL NBA
47%
1026 Dominique Wilkins 3282 1993 ATL NBA
47%
1102 Dominique Wilkins 3232 1990 ATL NBA
47%
1214 Donovan Mitchell 3165 2023 CLE NBA
47%
1356 Donovan Mitchell 3099 2019 UTA NBA
47%
1360 Donovan Mitchell 3096 2022 UTA NBA
47%
1387 Donovan Mitchell 3084 2018 UTA NBA
47%
1578 Donovan Mitchell 3000 2024 CLE NBA
47%
233 Dwight Howard 4235 2009 ORL NBA
47%
509 Dwight Howard 3733 2008 ORL NBA
47%
548 Dwight Howard 3683 2010 ORL NBA
47%
567 Dwight Howard 3665 2011 ORL NBA
47%
1277 Dwight Howard 3133 2007 ORL NBA
47%
21 Elgin Baylor 5477 1961 LAL NBA
47%
31 Elgin Baylor 5354 1963 LAL NBA
47%
177 Elgin Baylor 4419 1968 LAL NBA
47%
250 Elgin Baylor 4200 1960 MNL NBA
47%
288 Elgin Baylor 4093 1969 LAL NBA
47%
348 Elgin Baylor 3998 1962 LAL NBA
47%
384 Elgin Baylor 3939 1959 MNL NBA
47%
436 Elgin Baylor 3848 1964 LAL NBA
47%
702 Elgin Baylor 3521 1965 LAL NBA
47%
955 Elgin Baylor 3318 1967 LAL NBA
47%
1321 Elgin Baylor 3116 1970 LAL NBA
47%
184 Elvin Hayes 4407 1975 WSB NBA
47%
247 Elvin Hayes 4207 1969 SDR NBA
47%
248 Elvin Hayes 4204 1974 CAP NBA
47%
259 Elvin Hayes 4172 1979 WSB NBA
47%
272 Elvin Hayes 4132 1978 WSB NBA
47%
294 Elvin Hayes 4084 1971 SDR NBA
47%
365 Elvin Hayes 3971 1977 WSB NBA
47%
367 Elvin Hayes 3966 1970 SDR NBA
47%
466 Elvin Hayes 3800 1972 HOU NBA
47%
925 Elvin Hayes 3344 1973 BAL NBA
47%
926 Elvin Hayes 3342 1980 WSB NBA
47%
1004 Elvin Hayes 3292 1976 WSB NBA
47%
1434 Fred Carter 3059 1974 PHI NBA
47%
469 Jimmy Butler 3794 2023 MIA NBA
47%
677 Jimmy Butler 3542 2017 CHI NBA
47%
1010 Jimmy Butler 3290 2020 MIA NBA
47%
1366 Jimmy Butler 3093 2022 MIA NBA
47%
417 Jimmy Jones 3873 1969 NOB ABA
47%
732 Jimmy Jones 3489 1974 UTS ABA
47%
1568 Jimmy Jones 3005 1971 MMP ABA
47%
117 John Havlicek 4685 1972 BOS NBA
47%
218 John Havlicek 4282 1971 BOS NBA
47%
302 John Havlicek 4073 1974 BOS NBA
47%
309 John Havlicek 4060 1969 BOS NBA
47%
342 John Havlicek 4004 1973 BOS NBA
47%
375 John Havlicek 3955 1968 BOS NBA
47%
538 John Havlicek 3695 1970 BOS NBA
47%
774 John Havlicek 3455 1975 BOS NBA
47%
1163 John Havlicek 3197 1967 BOS NBA
47%
1519 John Havlicek 3029 1977 BOS NBA
47%
110 John Wall 4705 2017 WAS NBA
47%
376 John Wall 3952 2014 WAS NBA
47%
428 John Wall 3861 2015 WAS NBA
47%
540 John Wall 3692 2016 WAS NBA
47%
1044 Juwan Howard 3275 1996 WSB NBA
47%
1466 Juwan Howard 3048 1997 WSB NBA
47%
564 Karl-Anthony Towns 3667 2017 MIN NBA
47%
673 Karl-Anthony Towns 3544 2019 MIN NBA
47%
715 Karl-Anthony Towns 3504 2018 MIN NBA
47%
719 Karl-Anthony Towns 3500 2022 MIN NBA
47%
649 Kemba Walker 3567 2019 CHO NBA
47%
981 Kemba Walker 3302 2016 CHO NBA
47%
1324 Kemba Walker 3113 2017 CHO NBA
47%
1533 Kemba Walker 3021 2018 CHO NBA
47%
493 Kevin Love 3749 2014 MIN NBA
47%
1499 Kevin Love 3036 2016 CLE NBA
47%
1518 Kevin Love 3029 2011 MIN NBA
47%
274 Kevin McHale 4130 1987 BOS NBA
47%
718 Kevin McHale 3503 1985 BOS NBA
47%
1046 Kevin McHale 3274 1986 BOS NBA
47%
1292 Kevin McHale 3128 1988 BOS NBA
47%
1336 Kevin McHale 3107 1990 BOS NBA
47%
1448 Kevin McHale 3053 1984 BOS NBA
47%
446 Kevin Porter 3830 1979 DET NBA
47%
1061 Kevin Porter 3260 1978 DET,NJN NBA
47%
1328 Kevin Porter 3112 1975 WSB NBA
47%
388 Kyle Lowry 3928 2016 TOR NBA
47%
917 Kyle Lowry 3347 2014 TOR NBA
47%
951 Kyle Lowry 3322 2019 TOR NBA
47%
1027 Kyle Lowry 3281 2018 TOR NBA
47%
915 LaMelo Ball 3348 2022 CHO NBA
47%
590 Larry Jones 3648 1970 DNR ABA
47%
747 Larry Jones 3479 1971 FLO ABA
47%
821 Larry Jones 3414 1969 DNR ABA
47%
539 Lenny Wilkens 3694 1969 SEA NBA
47%
559 Lenny Wilkens 3676 1968 STL NBA
47%
970 Lenny Wilkens 3308 1972 SEA NBA
47%
1253 Lenny Wilkens 3140 1973 CLE NBA
47%
1399 Lenny Wilkens 3078 1970 SEA NBA
47%
1486 Lenny Wilkens 3042 1967 STL NBA
47%
1516 Lenny Wilkens 3030 1971 SEA NBA
47%
671 Michael Adams 3547 1991 DEN NBA
47%
1431 Michael Adams 3060 1992 WSB NBA
47%
433 Micheal Ray Richardson 3854 1985 NJN NBA
47%
488 Micheal Ray Richardson 3757 1980 NYK NBA
47%
800 Micheal Ray Richardson 3432 1982 NYK NBA
47%
803 Micheal Ray Richardson 3430 1981 NYK NBA
47%
1133 Neal Walk 3215 1973 PHO NBA
47%
1557 Neal Walk 3010 1974 PHO NBA
47%
432 Paul George 3857 2019 OKC NBA
47%
471 Paul George 3786 2014 IND NBA
47%
625 Paul George 3599 2016 IND NBA
47%
661 Paul George 3560 2013 IND NBA
47%
1171 Paul George 3191 2021 LAC NBA
47%
1269 Paul George 3135 2018 OKC NBA
47%
1289 Paul George 3129 2017 IND NBA
47%
991 Pooh Richardson 3299 1991 MIN NBA
47%
1215 Pooh Richardson 3165 1992 MIN NBA
47%
1304 Richard Jefferson 3122 2004 NJN NBA
47%
1314 Richard Jefferson 3118 2006 NJN NBA
47%
1453 Rich Jones 3052 1975 SAA ABA
47%
56 Rick Barry 4995 1975 GSW NBA
47%
89 Rick Barry 4803 1967 SFW NBA
47%
132 Rick Barry 4583 1972 NYA ABA
47%
323 Rick Barry 4034 1976 GSW NBA
47%
472 Rick Barry 3786 1977 GSW NBA
47%
520 Rick Barry 3726 1974 GSW NBA
47%
596 Rick Barry 3640 1973 GSW NBA
47%
790 Rick Barry 3442 1978 GSW NBA
47%
1074 Rick Barry 3255 1966 SFW NBA
47%
1484 Rick Barry 3043 1971 NYA ABA
47%
861 Sam Jones 3385 1965 BOS NBA
47%
279 Terry Porter 4120 1990 POR NBA
47%
534 Terry Porter 3699 1991 POR NBA
47%
545 Terry Porter 3687 1992 POR NBA
47%
607 Terry Porter 3626 1989 POR NBA
47%
640 Terry Porter 3576 1988 POR NBA
47%
1223 Terry Porter 3159 1987 POR NBA
47%
1083 Tobias Harris 3246 2019 LAC,PHI NBA
47%
223 Trae Young 4268 2022 ATL NBA
47%
297 Trae Young 4082 2023 ATL NBA
47%
392 Trae Young 3922 2021 ATL NBA
47%
1085 Trae Young 3243 2019 ATL NBA
47%
1117 Trae Young 3226 2020 ATL NBA
47%
366 Tyrese Haliburton 3967 2024 IND NBA
47%
874 Tyrese Maxey 3375 2024 PHI NBA
47%
1211 Victor Wembanyama 3167 2024 SAS NBA
47%
373 Vince Carter 3956 2007 NJN NBA
47%
455 Vince Carter 3821 2001 TOR NBA
47%
500 Vince Carter 3741 2006 NJN NBA
47%
669 Vince Carter 3550 2000 TOR NBA
47%
1003 Vince Carter 3294 2005 NJN,TOR NBA
47%
362 Willis Reed 3979 1970 NYK NBA
47%
501 Willis Reed 3740 1969 NYK NBA
47%
1013 Willis Reed 3288 1968 NYK NBA
47%
1136 Willis Reed 3212 1971 NYK NBA
47%
1167 Willis Reed 3195 1967 NYK NBA
47%
1577 Willis Reed 3001 1965 NYK NBA
47%
1547 Yao Ming 3014 2009 HOU NBA
47%
802 Alonzo Mourning 3430 2000 MIA NBA
41%
1060 Alonzo Mourning 3260 1993 CHH NBA
41%
1396 Alonzo Mourning 3079 1995 CHH NBA
41%
1550 Alonzo Mourning 3012 1996 MIA NBA
41%
546 Alvin Robertson 3687 1988 SAS NBA
41%
1103 Alvin Robertson 3232 1986 SAS NBA
41%
1113 Antawn Jamison 3229 2001 GSW NBA
41%
1404 Antawn Jamison 3076 2008 WAS NBA
41%
1415 Antawn Jamison 3069 2006 WAS NBA
41%
485 Bam Adebayo 3759 2023 MIA NBA
41%
695 Bam Adebayo 3529 2020 MIA NBA
41%
1430 Bam Adebayo 3060 2024 MIA NBA
41%
1164 Ben Wallace 3196 2004 DET NBA
41%
807 Bernard King 3424 1984 NYK NBA
41%
1053 Bernard King 3266 1979 NJN NBA
41%
1150 Bernard King 3204 1978 NJN NBA
41%
1456 Bernard King 3051 1990 WSB NBA
41%
1573 Bernard King 3002 1981 GSW NBA
41%
1207 Bill Laimbeer 3171 1985 DET NBA
41%
1346 Bill Laimbeer 3103 1988 DET NBA
41%
1349 Bill Laimbeer 3102 1987 DET NBA
41%
1530 Bill Laimbeer 3025 1984 DET NBA
41%
1569 Bill Laimbeer 3004 1986 DET NBA
41%
563 Byron Scott 3668 1988 LAL NBA
41%
238 Charlie Scott 4222 1971 VIR ABA
41%
630 Charlie Scott 3592 1972 VIR ABA
41%
869 Charlie Scott 3380 1973 PHO NBA
41%
1273 Charlie Scott 3134 1976 BOS NBA
41%
457 Chris Webber 3819 2001 SAC NBA
41%
464 Chris Webber 3801 2000 SAC NBA
41%
768 Chris Webber 3460 2003 SAC NBA
41%
1009 Chris Webber 3291 2002 SAC NBA
41%
1140 Chris Webber 3209 1997 WSB NBA
41%
1556 Chris Webber 3010 1998 WAS NBA
41%
185 Gary Payton 4397 2000 SEA NBA
41%
231 Gary Payton 4240 1996 SEA NBA
41%
275 Gary Payton 4127 1997 SEA NBA
41%
311 Gary Payton 4059 2002 SEA NBA
41%
380 Gary Payton 3941 1998 SEA NBA
41%
542 Gary Payton 3689 2003 MIL,SEA NBA
41%
610 Gary Payton 3621 2001 SEA NBA
41%
742 Gary Payton 3481 1995 SEA NBA
41%
1439 Gary Payton 3056 2004 LAL NBA
41%
329 George Gervin 4024 1979 SAS NBA
41%
424 George Gervin 3866 1982 SAS NBA
41%
468 George Gervin 3795 1978 SAS NBA
41%
511 George Gervin 3733 1980 SAS NBA
41%
576 George Gervin 3663 1975 SAA ABA
41%
629 George Gervin 3593 1981 SAS NBA
41%
698 George Gervin 3524 1983 SAS NBA
41%
1073 George Gervin 3255 1976 SAA ABA
41%
1340 George Gervin 3106 1974 SAA,VIR ABA
41%
1344 George Gervin 3104 1977 SAS NBA
41%
286 Gilbert Arenas 4098 2006 WAS NBA
41%
439 Gilbert Arenas 3839 2005 WAS NBA
41%
741 Gilbert Arenas 3481 2007 WAS NBA
41%
1451 Gilbert Arenas 3052 2003 GSW NBA
41%
341 Grant Hill 4004 1997 DET NBA
41%
494 Grant Hill 3749 1996 DET NBA
41%
604 Grant Hill 3633 1998 DET NBA
41%
888 Grant Hill 3364 2000 DET NBA
41%
750 James Worthy 3477 1989 LAL NBA
41%
762 James Worthy 3466 1988 LAL NBA
41%
835 James Worthy 3405 1987 LAL NBA
41%
944 James Worthy 3328 1991 LAL NBA
41%
1118 James Worthy 3226 1990 LAL NBA
41%
1370 James Worthy 3093 1985 LAL NBA
41%
994 Joe Dumars 3298 1991 DET NBA
41%
776 Jrue Holiday 3454 2018 NOP NBA
41%
1258 Jrue Holiday 3138 2021 MIL NBA
41%
1316 Jrue Holiday 3117 2013 PHI NBA
41%
1437 Jrue Holiday 3057 2022 MIL NBA
41%
508 Julius Randle 3734 2023 NYK NBA
41%
656 Julius Randle 3562 2021 NYK NBA
41%
956 LaMarcus Aldridge 3317 2014 POR NBA
41%
1052 LaMarcus Aldridge 3266 2019 SAS NBA
41%
1160 LaMarcus Aldridge 3198 2011 POR NBA
41%
1579 LaMarcus Aldridge 3000 2018 SAS NBA
41%
1313 Manu Ginobili 3118 2008 SAS NBA
41%
1400 Manu Ginobili 3077 2005 SAS NBA
41%
922 Mark Price 3344 1990 CLE NBA
41%
1081 Mark Price 3249 1992 CLE NBA
41%
1242 Mark Price 3148 1989 CLE NBA
41%
1283 Mark Price 3131 1993 CLE NBA
41%
1263 Mike Conley 3136 2013 MEM NBA
41%
1571 Mike Conley 3002 2011 MEM NBA
41%
17 Oscar Robertson 5549 1964 CIN NBA
41%
22 Oscar Robertson 5462 1962 CIN NBA
41%
29 Oscar Robertson 5368 1963 CIN NBA
41%
67 Oscar Robertson 4933 1966 CIN NBA
41%
70 Oscar Robertson 4902 1965 CIN NBA
41%
92 Oscar Robertson 4793 1967 CIN NBA
41%
228 Oscar Robertson 4261 1961 CIN NBA
41%
345 Oscar Robertson 4001 1969 CIN NBA
41%
381 Oscar Robertson 3941 1971 MIL NBA
41%
667 Oscar Robertson 3553 1968 CIN NBA
41%
1017 Oscar Robertson 3286 1970 CIN NBA
41%
523 Pascal Siakam 3717 2024 IND,TOR NBA
41%
949 Pascal Siakam 3323 2019 TOR NBA
41%
1058 Pascal Siakam 3261 2023 TOR NBA
41%
1088 Pascal Siakam 3241 2022 TOR NBA
41%
842 Richard Hamilton 3400 2005 DET NBA
41%
1131 Richard Hamilton 3216 2004 DET NBA
41%
1536 Richard Hamilton 3020 2006 DET NBA
41%
690 Robert Parish 3534 1984 BOS NBA
41%
730 Robert Parish 3492 1987 BOS NBA
41%
751 Robert Parish 3475 1982 BOS NBA
41%
827 Robert Parish 3411 1981 BOS NBA
41%
933 Robert Parish 3336 1985 BOS NBA
41%
1315 Robert Parish 3118 1989 BOS NBA
41%
1425 Robert Parish 3063 1986 BOS NBA
41%
1445 Robert Parish 3054 1983 BOS NBA
41%
477 Shawn Kemp 3770 1996 SEA NBA
41%
761 Shawn Kemp 3466 1993 SEA NBA
41%
913 Shawn Kemp 3350 1997 SEA NBA
41%
1185 Shawn Kemp 3183 1994 SEA NBA
41%
1290 Shawn Kemp 3129 1995 SEA NBA
41%
301 Shawn Marion 4073 2006 PHO NBA
41%
620 Shawn Marion 3608 2005 PHO NBA
41%
851 Shawn Marion 3392 2003 PHO NBA
41%
1364 Shawn Marion 3095 2007 PHO NBA
41%
99 Tiny Archibald 4762 1973 KCO NBA
41%
444 Tiny Archibald 3832 1975 KCO NBA
41%
478 Tiny Archibald 3769 1972 CIN NBA
41%
707 Tiny Archibald 3519 1976 KCK NBA
41%
1280 Tiny Archibald 3132 1981 BOS NBA
41%
1401 Tiny Archibald 3077 1980 BOS NBA
41%
229 Tracy McGrady 4255 2003 ORL NBA
41%
377 Tracy McGrady 3952 2005 HOU NBA
41%
453 Tracy McGrady 3822 2001 ORL NBA
41%
503 Tracy McGrady 3738 2002 ORL NBA
41%
720 Tracy McGrady 3500 2007 HOU NBA
41%
1226 Tracy McGrady 3155 2004 ORL NBA
41%
287 Walt Frazier 4097 1970 NYK NBA
41%
379 Walt Frazier 3943 1974 NYK NBA
41%
412 Walt Frazier 3889 1972 NYK NBA
41%
435 Walt Frazier 3849 1973 NYK NBA
41%
465 Walt Frazier 3801 1971 NYK NBA
41%
597 Walt Frazier 3640 1969 NYK NBA
41%
795 Walt Frazier 3436 1975 NYK NBA
41%
916 Zach Randolph 3348 2011 MEM NBA
41%
1480 Zach Randolph 3043 2010 MEM NBA
41%
217 Alex English 4283 1983 DEN NBA
35%
242 Alex English 4218 1985 DEN NBA
35%
359 Alex English 3981 1986 DEN NBA
35%
421 Alex English 3867 1984 DEN NBA
35%
442 Alex English 3834 1982 DEN NBA
35%
525 Alex English 3717 1987 DEN NBA
35%
583 Alex English 3652 1988 DEN NBA
35%
771 Alex English 3459 1989 DEN NBA
35%
896 Alex English 3361 1981 DEN NBA
35%
1092 Andre Drummond 3238 2019 DET NBA
35%
1275 Andre Drummond 3133 2018 DET NBA
35%
975 Andre Iguodala 3305 2009 PHI NBA
35%
1059 Andre Iguodala 3260 2008 PHI NBA
35%
1413 Andre Iguodala 3070 2010 PHI NBA
35%
299 Anfernee Hardaway 4077 1995 ORL NBA
35%
336 Anfernee Hardaway 4009 1996 ORL NBA
35%
1138 Anfernee Hardaway 3210 1994 ORL NBA
35%
1549 Ben Gordon 3012 2007 CHI NBA
35%
402 Ben Simmons 3906 2018 PHI NBA
35%
434 Ben Simmons 3849 2019 PHI NBA
35%
68 Billy Cunningham 4929 1973 CAR ABA
35%
264 Billy Cunningham 4157 1970 PHI NBA
35%
368 Billy Cunningham 3964 1971 PHI NBA
35%
422 Billy Cunningham 3867 1969 PHI NBA
35%
670 Billy Cunningham 3548 1972 PHI NBA
35%
993 Billy Cunningham 3299 1975 PHI NBA
35%
605 Dale Ellis 3633 1987 SEA NBA
35%
989 Dale Ellis 3300 1989 SEA NBA
35%
1454 Darius Garland 3051 2022 CLE NBA
35%
1542 Darius Garland 3016 2023 CLE NBA
35%
977 David Lee 3304 2010 NYK NBA
35%
1422 David Lee 3064 2013 GSW NBA
35%
778 Dejounte Murray 3452 2022 SAS NBA
35%
895 Dejounte Murray 3361 2024 ATL NBA
35%
1162 Dejounte Murray 3197 2023 ATL NBA
35%
628 DeMarcus Cousins 3593 2017 NOP,SAC NBA
35%
1319 DeMarcus Cousins 3116 2016 SAC NBA
35%
1432 DeMarcus Cousins 3059 2014 SAC NBA
35%
672 DeMar DeRozan 3545 2016 TOR NBA
35%
681 DeMar DeRozan 3540 2022 CHI NBA
35%
784 DeMar DeRozan 3450 2018 TOR NBA
35%
789 DeMar DeRozan 3443 2019 SAS NBA
35%
799 DeMar DeRozan 3432 2017 TOR NBA
35%
997 DeMar DeRozan 3297 2024 CHI NBA
35%
1286 DeMar DeRozan 3130 2014 TOR NBA
35%
1308 DeMar DeRozan 3119 2023 CHI NBA
35%
1555 Dennis Schroder 3010 2017 ATL NBA
35%
623 Detlef Schrempf 3601 1993 IND NBA
35%
1001 Earl Monroe 3295 1969 BAL NBA
35%
1057 Earl Monroe 3262 1971 BAL NBA
35%
1068 Earl Monroe 3258 1970 BAL NBA
35%
1228 Earl Monroe 3154 1968 BAL NBA
35%
339 Elton Brand 4007 2006 LAC NBA
35%
1326 Elton Brand 3112 2007 LAC NBA
35%
1492 Elton Brand 3039 2005 LAC NBA
35%
1570 Elton Brand 3003 2002 LAC NBA
35%
1012 Freddie Lewis 3288 1969 INA ABA
35%
1512 Freddie Lewis 3031 1975 MMS,SSL ABA
35%
653 George Mikan 3566 1951 MNL NBA
35%
892 George Mikan 3363 1952 MNL NBA
35%
953 George Mikan 3320 1953 MNL NBA
35%
1227 George Mikan 3155 1954 MNL NBA
35%
544 Hal Greer 3688 1968 PHI NBA
35%
775 Hal Greer 3455 1967 PHI NBA
35%
961 Hal Greer 3315 1969 PHI NBA
35%
1006 Hal Greer 3292 1964 PHI NBA
35%
1127 Hal Greer 3220 1966 PHI NBA
35%
1362 Hal Greer 3096 1970 PHI NBA
35%
854 Jamal Murray 3391 2023 DEN NBA
35%
1553 Jamal Murray 3011 2019 DEN NBA
35%
565 Jerry Stackhouse 3666 2001 DET NBA
35%
1106 Jerry Stackhouse 3231 2000 DET NBA
35%
1190 Jerry Stackhouse 3181 2002 DET NBA
35%
622 Khris Middleton 3605 2021 MIL NBA
35%
1249 Khris Middleton 3141 2018 MIL NBA
35%
1335 Khris Middleton 3107 2019 MIL NBA
35%
864 Lamar Odom 3383 2004 MIA NBA
35%
1028 Lamar Odom 3281 2008 LAL NBA
35%
1090 Lamar Odom 3239 2006 LAL NBA
35%
725 Latrell Sprewell 3495 1997 GSW NBA
35%
1048 Latrell Sprewell 3271 1994 GSW NBA
35%
1201 Latrell Sprewell 3176 2000 NYK NBA
35%
822 Michael Finley 3412 2001 DAL NBA
35%
856 Michael Finley 3390 2000 DAL NBA
35%
1204 Michael Finley 3173 1998 DAL NBA
35%
935 Mike Bibby 3334 2005 SAC NBA
35%
1014 Mike Bibby 3287 2004 SAC NBA
35%
1247 Mike Bibby 3142 2006 SAC NBA
35%
1365 Mike Bibby 3094 2001 VAN NBA
35%
987 Monta Ellis 3301 2011 GSW NBA
35%
1132 Monta Ellis 3215 2013 MIL NBA
35%
1206 Monta Ellis 3171 2014 DAL NBA
35%
676 Nikola Vucevic 3542 2019 ORL NBA
35%
1334 Nikola Vucevic 3107 2021 CHI,ORL NBA
35%
1436 Nikola Vucevic 3057 2023 CHI NBA
35%
581 Paolo Banchero 3655 2024 ORL NBA
35%
1019 Paul Millsap 3284 2016 ATL NBA
35%
1188 Rashard Lewis 3182 2009 ORL NBA
35%
1229 Red Kerr 3154 1962 SYR NBA
35%
1347 Red Kerr 3103 1964 PHI NBA
35%
1287 Reggie Lewis 3130 1992 BOS NBA
35%
1115 Rolando Blackman 3227 1984 DAL NBA
35%
1545 Rolando Blackman 3015 1986 DAL NBA
35%
154 Tim Hardaway 4522 1991 GSW NBA
35%
256 Tim Hardaway 4178 1992 GSW NBA
35%
277 Tim Hardaway 4124 1997 MIA NBA
35%
679 Tim Hardaway 3542 1998 MIA NBA
35%
1141 Tim Hardaway 3208 1993 GSW NBA
35%
1523 Tim Hardaway 3027 1990 GSW NBA
35%
624 Wes Unseld 3601 1971 BAL NBA
35%
655 Wes Unseld 3563 1970 BAL NBA
35%
1146 Wes Unseld 3207 1969 BAL NBA
35%
1243 Wes Unseld 3147 1975 WSB NBA
35%
1345 Wes Unseld 3104 1973 BAL NBA
35%
1394 Wes Unseld 3080 1972 BAL NBA
35%
1541 Wes Unseld 3018 1979 WSB NBA
35%
290 Adrian Dantley 4091 1984 UTA NBA
29%
512 Adrian Dantley 3732 1981 UTA NBA
29%
516 Adrian Dantley 3728 1982 UTA NBA
29%
1066 Adrian Dantley 3258 1986 UTA NBA
29%
1412 Adrian Dantley 3071 1978 IND,LAL NBA
29%
531 Archie Clark 3710 1972 BAL,PHI NBA
29%
1035 Archie Clark 3279 1971 PHI NBA
29%
1442 Archie Clark 3056 1968 LAL NBA
29%
441 Bill Walton 3836 1977 POR NBA
29%
213 Bob Lanier 4290 1974 DET NBA
29%
445 Bob Lanier 3831 1975 DET NBA
29%
547 Bob Lanier 3684 1972 DET NBA
29%
584 Bob Lanier 3652 1973 DET NBA
29%
1238 Bob Lanier 3149 1976 DET NBA
29%
1251 Bob Lanier 3141 1977 DET NBA
29%
1395 CJ McCollum 3079 2016 POR NBA
29%
522 Dolph Schayes 3718 1961 SYR NBA
29%
843 Dolph Schayes 3398 1958 SYR NBA
29%
968 Dolph Schayes 3312 1960 SYR NBA
29%
972 Dolph Schayes 3308 1957 SYR NBA
29%
976 Dolph Schayes 3305 1959 SYR NBA
29%
1343 Dolph Schayes 3105 1956 SYR NBA
29%
1406 Dolph Schayes 3076 1955 SYR NBA
29%
1063 Horace Grant 3259 1992 CHI NBA
29%
1320 Jack Marin 3116 1971 BAL NBA
29%
1062 Ja Morant 3259 2022 MEM NBA
29%
1065 Ja Morant 3258 2023 MEM NBA
29%
1548 Jason Terry 3014 2003 ATL NBA
29%
1056 Jeff Mullins 3262 1972 GSW NBA
29%
1426 Jeff Mullins 3063 1969 SFW NBA
29%
1505 Jeff Mullins 3035 1968 SFW NBA
29%
1278 Jeff Teague 3132 2017 IND NBA
29%
1367 Jeff Teague 3093 2015 ATL NBA
29%
1216 Joakim Noah 3163 2014 CHI NBA
29%
1156 Kenyon Martin 3200 2003 NJN NBA
29%
1472 Luol Deng 3046 2007 CHI NBA
29%
1329 Michael Redd 3111 2006 MIL NBA
29%
841 Nick Van Exel 3402 1995 LAL NBA
29%
1240 Nick Van Exel 3148 1997 LAL NBA
29%
1368 Nick Van Exel 3093 2000 DEN NBA
29%
998 Peja Stojakovic 3295 2004 SAC NBA
29%
480 Pete Maravich 3767 1973 ATL NBA
29%
686 Pete Maravich 3537 1977 NOJ NBA
29%
844 Pete Maravich 3397 1974 ATL NBA
29%
1097 Pete Maravich 3236 1975 NOJ NBA
29%
1410 Pete Maravich 3072 1971 ATL NBA
29%
599 Sam Cassell 3638 2004 MIN NBA
29%
635 Sam Cassell 3586 2001 MIL NBA
29%
654 Sam Cassell 3565 2000 MIL NBA
29%
1330 Sam Cassell 3111 2006 LAC NBA
29%
1420 Sam Cassell 3066 1998 NJN NBA
29%
1493 Sam Cassell 3038 2003 MIL NBA
29%
34 Spencer Haywood 5291 1970 DNR ABA
29%
601 Spencer Haywood 3638 1973 SEA NBA
29%
813 Spencer Haywood 3419 1974 SEA NBA
29%
1267 Spencer Haywood 3136 1972 SEA NBA
29%
506 Stephon Marbury 3736 2003 PHO NBA
29%
598 Stephon Marbury 3639 2004 NYK,PHO NBA
29%
727 Stephon Marbury 3493 2005 NYK NBA
29%
878 Stephon Marbury 3372 1998 MIN NBA
29%
893 Stephon Marbury 3362 2002 PHO NBA
29%
1077 Stephon Marbury 3251 2000 NJN NBA
29%
1546 Tyreke Evans 3014 2015 NOP NBA
29%
946 Victor Oladipo 3326 2018 IND NBA
29%
881 Vlade Divac 3371 1995 LAL NBA
29%
1407 Zach LaVine 3075 2023 CHI NBA
29%
81 Artis Gilmore 4839 1973 KEN ABA
24%
82 Artis Gilmore 4827 1975 KEN ABA
24%
121 Artis Gilmore 4663 1972 KEN ABA
24%
149 Artis Gilmore 4534 1976 KEN ABA
24%
151 Artis Gilmore 4530 1974 KEN ABA
24%
505 Artis Gilmore 3737 1979 CHI NBA
24%
535 Artis Gilmore 3699 1978 CHI NBA
24%
899 Artis Gilmore 3360 1977 CHI NBA
24%
907 Artis Gilmore 3352 1983 SAS NBA
24%
1333 Artis Gilmore 3108 1981 CHI NBA
24%
1511 Artis Gilmore 3031 1985 SAS NBA
24%
1022 Brandon Roy 3283 2009 POR NBA
24%
553 Carlos Boozer 3678 2007 UTA NBA
24%
643 Carlos Boozer 3574 2008 UTA NBA
24%
831 Carlos Boozer 3407 2010 UTA NBA
24%
1265 Danny Ainge 3136 1988 BOS NBA
24%
168 Dave Cowens 4458 1974 BOS NBA
24%
178 Dave Cowens 4415 1976 BOS NBA
24%
221 Dave Cowens 4276 1973 BOS NBA
24%
647 Dave Cowens 3570 1972 BOS NBA
24%
659 Dave Cowens 3561 1975 BOS NBA
24%
862 Dave Cowens 3384 1978 BOS NBA
24%
1473 Dave Cowens 3045 1971 BOS NBA
24%
1520 Dikembe Mutombo 3028 1994 DEN NBA
24%
552 Doc Rivers 3679 1988 ATL NBA
24%
745 Doc Rivers 3480 1987 ATL NBA
24%
1537 Eric Bledsoe 3019 2019 MIL NBA
24%
1554 Gordon Hayward 3011 2017 UTA NBA
24%
914 Hedo Turkoglu 3349 2008 ORL NBA
24%
1036 Hedo Turkoglu 3278 2009 ORL NBA
24%
1535 John Starks 3021 1993 NYK NBA
24%
502 Kenny Anderson 3739 1994 NJN NBA
24%
1043 Kenny Anderson 3275 1997 POR NBA
24%
1139 Kevin Willis 3210 1992 ATL NBA
24%
1159 Kevin Willis 3199 1994 ATL NBA
24%
753 Kiki Vandeweghe 3474 1983 DEN NBA
24%
782 Kiki Vandeweghe 3451 1984 DEN NBA
24%
1540 Kiki Vandeweghe 3018 1987 POR NBA
24%
1460 Kirk Hinrich 3049 2007 CHI NBA
24%
791 Larry Nance 3441 1992 CLE NBA
24%
866 Larry Nance 3382 1984 PHO NBA
24%
354 Mark Aguirre 3987 1984 DAL NBA
24%
586 Mark Aguirre 3651 1988 DAL NBA
24%
979 Mark Aguirre 3304 1986 DAL NBA
24%
999 Mark Aguirre 3295 1985 DAL NBA
24%
1069 Mark Aguirre 3257 1983 DAL NBA
24%
1093 Mark Aguirre 3238 1987 DAL NBA
24%
210 Marvin Barnes 4304 1975 SSL ABA
24%
1041 Mitch Richmond 3276 1989 GSW NBA
24%
1100 Mitch Richmond 3232 1997 SAC NBA
24%
1107 Mitch Richmond 3231 1991 GSW NBA
24%
1414 Mitch Richmond 3070 1992 SAC NBA
24%
532 Nate Thurmond 3705 1969 SFW NBA
24%
582 Nate Thurmond 3653 1972 GSW NBA
24%
594 Nate Thurmond 3643 1973 GSW NBA
24%
621 Nate Thurmond 3606 1967 SFW NBA
24%
781 Nate Thurmond 3452 1971 SFW NBA
24%
957 Neil Johnston 3317 1956 PHW NBA
24%
1245 Neil Johnston 3146 1955 PHW NBA
24%
514 Norm Nixon 3731 1980 LAL NBA
24%
556 Norm Nixon 3677 1979 LAL NBA
24%
595 Norm Nixon 3641 1982 LAL NBA
24%
704 Norm Nixon 3520 1984 SDC NBA
24%
1076 Norm Nixon 3254 1981 LAL NBA
24%
1237 Norm Nixon 3149 1983 LAL NBA
24%
1272 Norm Nixon 3134 1985 LAC NBA
24%
857 Steve Francis 3388 2003 HOU NBA
24%
912 Steve Francis 3350 2001 HOU NBA
24%
918 Steve Francis 3347 2005 ORL NBA
24%
1296 Steve Francis 3125 2004 HOU NBA
24%
385 Tom Chambers 3936 1989 PHO NBA
24%
449 Tom Chambers 3825 1990 PHO NBA
24%
641 Tom Chambers 3576 1987 SEA NBA
24%
179 Walt Bellamy 4415 1962 CHP NBA
24%
337 Walt Bellamy 4008 1963 CHZ NBA
24%
372 Walt Bellamy 3957 1965 BAL NBA
24%
476 Walt Bellamy 3772 1964 BAL NBA
24%
674 Walt Bellamy 3544 1966 BAL,NYK NBA
24%
963 Walt Bellamy 3314 1972 ATL NBA
24%
1259 Walt Bellamy 3138 1967 NYK NBA
24%
882 World B. Free 3371 1979 SDC NBA
24%
678 Boris Diaw 3542 2006 PHO NBA
18%
555 Brad Daugherty 3677 1992 CLE NBA
18%
1091 Brad Daugherty 3239 1993 CLE NBA
18%
1352 Brad Daugherty 3101 1991 CLE NBA
18%
1391 Brad Daugherty 3081 1988 CLE NBA
18%
1572 Brad Daugherty 3002 1989 CLE NBA
18%
1031 Calvin Murphy 3280 1976 HOU NBA
18%
1144 Calvin Murphy 3207 1974 HOU NBA
18%
577 Derek Harper 3662 1988 DAL NBA
18%
1054 Derek Harper 3264 1990 DAL NBA
18%
1560 Derek Harper 3009 1991 DAL NBA
18%
769 Derrick Coleman 3460 1993 NJN NBA
18%
921 Derrick Coleman 3345 1994 NJN NBA
18%
325 Fat Lever 4032 1988 DEN NBA
18%
383 Fat Lever 3939 1987 DEN NBA
18%
697 Fat Lever 3527 1990 DEN NBA
18%
743 Fat Lever 3481 1989 DEN NBA
18%
910 Fat Lever 3351 1985 DEN NBA
18%
1192 Fat Lever 3180 1986 DEN NBA
18%
536 Guy Rodgers 3697 1967 CHI NBA
18%
639 Guy Rodgers 3581 1966 SFW NBA
18%
1248 Guy Rodgers 3142 1963 SFW NBA
18%
838 Jamaal Wilkes 3403 1980 LAL NBA
18%
1501 Jamaal Wilkes 3036 1976 GSW NBA
18%
1551 Jamaal Wilkes 3012 1979 LAL NBA
18%
344 Ralph Sampson 4003 1986 HOU NBA
18%
645 Ralph Sampson 3572 1985 HOU NBA
18%
1119 Ralph Sampson 3226 1984 HOU NBA
18%
618 Reggie Theus 3611 1986 SAC NBA
18%
867 Reggie Theus 3381 1983 CHI NBA
18%
923 Reggie Theus 3344 1987 SAC NBA
18%
1232 Reggie Theus 3153 1980 CHI NBA
18%
1444 Reggie Theus 3055 1981 CHI NBA
18%
1500 Reggie Theus 3036 1985 KCK NBA
18%
919 Ron Harper 3347 1987 CLE NBA
18%
1096 Ron Harper 3236 1989 CLE NBA
18%
1196 Ron Harper 3177 1992 LAC NBA
18%
1567 Ron Harper 3005 1993 LAC NBA
18%
608 Sidney Moncrief 3622 1984 MIL NBA
18%
1125 Sidney Moncrief 3220 1982 MIL NBA
18%
1152 Sidney Moncrief 3203 1985 MIL NBA
18%
1154 Sidney Moncrief 3202 1983 MIL NBA
18%
1477 Terrell Brandon 3044 2000 MIN NBA
18%
1515 Terrell Brandon 3030 2001 MIN NBA
18%
1527 Andrew Toney 3026 1983 PHI NBA
12%
1469 Anthony Mason 3047 1997 CHH NBA
12%
1559 Anthony Mason 3009 1996 NYK NBA
12%
767 Bailey Howell 3464 1961 DET NBA
12%
985 Bailey Howell 3302 1963 DET NBA
12%
1018 Bailey Howell 3286 1962 DET NBA
12%
1120 Bailey Howell 3226 1968 BOS NBA
12%
1239 Bailey Howell 3149 1965 BAL NBA
12%
528 Bob Dandridge 3712 1979 WSB NBA
12%
945 Bob Dandridge 3328 1978 WSB NBA
12%
1261 Bob Dandridge 3137 1971 MIL NBA
12%
1405 Brian Shaw 3076 1991 BOS NBA
12%
646 Calvin Natt 3571 1985 DEN NBA
12%
1264 Christian Laettner 3136 1997 ATL NBA
12%
1348 Chuck Person 3102 1987 IND NBA
12%
437 Cliff Hagan 3845 1960 STL NBA
12%
561 Cliff Hagan 3672 1961 STL NBA
12%
1075 Cliff Hagan 3255 1959 STL NBA
12%
1262 Cliff Hagan 3137 1962 STL NBA
12%
254 Connie Hawkins 4179 1968 PTP ABA
12%
361 Connie Hawkins 3980 1970 PHO NBA
12%
109 Dan Issel 4708 1971 KEN ABA
12%
170 Dan Issel 4456 1973 KEN ABA
12%
314 Dan Issel 4055 1972 KEN ABA
12%
395 Dan Issel 3918 1976 DNA ABA
12%
440 Dan Issel 3837 1978 DEN NBA
12%
616 Dan Issel 3613 1974 KEN ABA
12%
1142 Dan Issel 3208 1980 DEN NBA
12%
1183 Dan Issel 3184 1975 KEN ABA
12%
1193 Dan Issel 3179 1983 DEN NBA
12%
1210 Dan Issel 3168 1977 DEN NBA
12%
1457 Dan Issel 3051 1982 DEN NBA
12%
969 Dan Majerle 3311 1993 PHO NBA
12%
1241 Danny Manning 3148 1992 LAC NBA
12%
1359 Danny Manning 3098 1993 LAC NBA
12%
474 Dave Bing 3784 1968 DET NBA
12%
824 Dave Bing 3412 1973 DET NBA
12%
850 Dave Bing 3393 1971 DET NBA
12%
1024 Dave Bing 3283 1974 DET NBA
12%
1047 Dave Bing 3274 1969 DET NBA
12%
1051 Dave Bing 3269 1975 DET NBA
12%
1082 Dave DeBusschere 3249 1972 NYK NBA
12%
1301 Dave DeBusschere 3123 1973 NYK NBA
12%
1318 Dave DeBusschere 3117 1968 DET NBA
12%
1576 Dave DeBusschere 3001 1971 NYK NBA
12%
591 Gail Goodrich 3647 1972 LAL NBA
12%
721 Gail Goodrich 3500 1974 LAL NBA
12%
808 Gail Goodrich 3424 1970 PHO NBA
12%
837 Gail Goodrich 3404 1969 PHO NBA
12%
1042 Gail Goodrich 3276 1973 LAL NBA
12%
1032 Gene Moore 3280 1970 KEN ABA
12%
7 George McGinnis 5940 1975 INA ABA
12%
128 George McGinnis 4619 1974 INA ABA
12%
131 George McGinnis 4584 1973 INA ABA
12%
321 George McGinnis 4039 1977 PHI NBA
12%
443 George McGinnis 3832 1976 PHI NBA
12%
785 George McGinnis 3450 1978 PHI NBA
12%
947 George McGinnis 3326 1979 DEN NBA
12%
1099 George Yardley 3233 1958 DET NBA
12%
1177 Hersey Hawkins 3189 1991 PHI NBA
12%
504 Jack Sikma 3738 1982 SEA NBA
12%
680 Jack Sikma 3542 1979 SEA NBA
12%
724 Jack Sikma 3496 1984 SEA NBA
12%
1126 Jack Sikma 3220 1980 SEA NBA
12%
1463 Jack Sikma 3049 1981 SEA NBA
12%
700 Jack Twyman 3522 1960 CIN NBA
12%
1312 Jack Twyman 3119 1961 CIN NBA
12%
1522 Jack Twyman 3028 1962 CIN NBA
12%
1539 Jack Twyman 3019 1963 CIN NBA
12%
766 Jamal Mashburn 3464 2001 CHH NBA
12%
777 Jamal Mashburn 3454 2003 NOH NBA
12%
797 James Silas 3433 1976 SAA ABA
12%
1393 James Silas 3081 1975 SAA ABA
12%
964 Jerome Kersey 3313 1990 POR NBA
12%
328 Jerry Lucas 4027 1966 CIN NBA
12%
454 Jerry Lucas 3822 1968 CIN NBA
12%
573 Jerry Lucas 3664 1967 CIN NBA
12%
648 Jerry Lucas 3570 1972 NYK NBA
12%
664 Jerry Lucas 3557 1971 SFW NBA
12%
722 Jerry Lucas 3498 1964 CIN NBA
12%
943 Jerry Lucas 3329 1969 CIN NBA
12%
1084 Jerry Lucas 3244 1965 CIN NBA
12%
1023 Joe Barry Carroll 3283 1987 GSW NBA
12%
1165 Joe Barry Carroll 3196 1983 GSW NBA
12%
1071 John Lucas 3256 1979 GSW NBA
12%
1332 Johnny Dawkins 3110 1990 PHI NBA
12%
626 Johnny Moore 3597 1983 SAS NBA
12%
726 Johnny Moore 3495 1985 SAS NBA
12%
1470 Johnny Moore 3047 1982 SAS NBA
12%
357 Larry Kenon 3984 1979 SAS NBA
12%
934 Larry Kenon 3336 1977 SAS NBA
12%
938 Larry Kenon 3332 1978 SAS NBA
12%
1311 Larry Kenon 3119 1976 SAA ABA
12%
1417 Larry Kenon 3069 1974 NYA ABA
12%
1485 Larry Kenon 3042 1975 NYA ABA
12%
1049 Lou Hudson 3271 1973 ATL NBA
12%
1064 Lou Hudson 3259 1970 ATL NBA
12%
1285 Lou Hudson 3131 1971 ATL NBA
12%
1295 Lou Hudson 3127 1972 ATL NBA
12%
1355 Lou Hudson 3100 1969 ATL NBA
12%
490 Louie Dampier 3754 1970 KEN ABA
12%
694 Louie Dampier 3530 1971 KEN ABA
12%
859 Louie Dampier 3386 1969 KEN ABA
12%
1175 Louie Dampier 3191 1975 KEN ABA
12%
612 Marvin Webster 3619 1978 SEA NBA
12%
510 Maurice Cheeks 3733 1986 PHI NBA
12%
763 Maurice Cheeks 3466 1982 PHI NBA
12%
1452 Maurice Cheeks 3052 1980 PHI NBA
12%
408 Maurice Lucas 3895 1977 POR NBA
12%
930 Maurice Lucas 3341 1976 KEN,SSL ABA
12%
1497 Maurice Lucas 3037 1975 SSL ABA
12%
1526 Maurice Lucas 3026 1984 PHO NBA
12%
1476 Maurice Stokes 3045 1958 CIN NBA
12%
1487 Maurice Stokes 3042 1957 ROC NBA
12%
326 Mel Daniels 4032 1971 INA ABA
12%
390 Mel Daniels 3926 1969 INA ABA
12%
419 Mel Daniels 3869 1973 INA ABA
12%
425 Mel Daniels 3865 1970 INA ABA
12%
448 Mel Daniels 3826 1972 INA ABA
12%
617 Mel Daniels 3612 1968 MNM ABA
12%
467 Mookie Blaylock 3799 1994 ATL NBA
12%
942 Mookie Blaylock 3329 1995 ATL NBA
12%
967 Mookie Blaylock 3312 1997 ATL NBA
12%
1224 Mookie Blaylock 3157 1996 ATL NBA
12%
1517 Nicolas Batum 3029 2014 POR NBA
12%
658 Norm Van Lier 3562 1971 CIN NBA
12%
1219 Norm Van Lier 3162 1974 CHI NBA
12%
1379 Paul Arizin 3089 1956 PHW NBA
12%
1475 Paul Arizin 3045 1962 PHW NBA
12%
1566 Paul Arizin 3006 1961 PHW NBA
12%
651 Paul Pressey 3566 1986 MIL NBA
12%
992 Paul Pressey 3299 1985 MIL NBA
12%
1478 Paul Silas 3044 1972 PHO NBA
12%
1565 Paul Silas 3006 1973 BOS NBA
12%
460 Paul Westphal 3812 1979 PHO NBA
12%
495 Paul Westphal 3749 1976 PHO NBA
12%
954 Paul Westphal 3318 1978 PHO NBA
12%
1129 Paul Westphal 3218 1980 PHO NBA
12%
939 Phil Chenier 3332 1975 WSB NBA
12%
1575 Phil Chenier 3001 1974 CAP NBA
12%
1341 Phil Ford 3105 1979 KCK NBA
12%
414 Richie Guerin 3882 1962 NYK NBA
12%
906 Richie Guerin 3354 1961 NYK NBA
12%
1443 Richie Guerin 3056 1960 NYK NBA
12%
668 Robert Reid 3552 1981 HOU NBA
12%
606 Rod Strickland 3626 1994 POR NBA
12%
714 Rod Strickland 3507 1998 WAS NBA
12%
737 Rod Strickland 3486 1997 WSB NBA
12%
1209 Rod Strickland 3169 1996 POR NBA
12%
937 Rudy Tomjanovich 3333 1974 HOU NBA
12%
1110 Rudy Tomjanovich 3231 1977 HOU NBA
12%
1221 Rudy Tomjanovich 3161 1975 HOU NBA
12%
756 Sam Lacey 3472 1975 KCO NBA
12%
1390 Sam Lacey 3082 1974 KCO NBA
12%
1392 Sam Lacey 3081 1976 KCK NBA
12%
1358 Scott Wedman 3099 1981 KCK NBA
12%
1148 Shareef Abdur-Rahim 3206 2000 VAN NBA
12%
1421 Shareef Abdur-Rahim 3065 2001 VAN NBA
12%
1574 Shareef Abdur-Rahim 3001 1998 VAN NBA
12%
580 Sidney Wicks 3656 1973 POR NBA
12%
585 Sidney Wicks 3652 1972 POR NBA
12%
815 Sidney Wicks 3417 1975 POR NBA
12%
1205 Sidney Wicks 3173 1974 POR NBA
12%
270 Sleepy Floyd 4137 1987 GSW NBA
12%
879 Sleepy Floyd 3372 1986 GSW NBA
12%
1218 Sleepy Floyd 3162 1989 HOU NBA
12%
652 Terry Cummings 3566 1985 MIL NBA
12%
710 Terry Cummings 3518 1987 MIL NBA
12%
728 Terry Cummings 3493 1990 SAS NBA
12%
794 Terry Cummings 3440 1986 MIL NBA
12%
1212 Terry Cummings 3167 1989 MIL NBA
12%
1435 Terry Cummings 3058 1984 SDC NBA
12%
1561 Thurl Bailey 3008 1988 UTA NBA
12%
1007 Tom Heinsohn 3292 1962 BOS NBA
12%
1114 Tom Heinsohn 3229 1960 BOS NBA
12%
1306 Vin Baker 3120 1996 MIL NBA
12%
1375 Vin Baker 3091 1995 MIL NBA
12%
1440 Vin Baker 3056 1997 MIL NBA
12%
1508 Vin Baker 3032 1998 SEA NBA
12%
1363 Wayne Embry 3096 1963 CIN NBA
12%
1025 Willie Naulls 3283 1961 NYK NBA
12%
1294 Willie Naulls 3128 1962 NYK NBA
12%
541 Xavier McDaniel 3691 1987 SEA NBA
12%
1416 Xavier McDaniel 3069 1988 SEA NBA
12%
836 Bill Bridges 3404 1970 ATL NBA
6%
898 Bill Bridges 3361 1967 STL NBA
6%
1371 Bill Bridges 3093 1969 ATL NBA
6%
1385 Bill Bridges 3086 1968 STL NBA
6%
758 Billy Knight 3469 1976 INA ABA
6%
965 Billy Knight 3313 1977 IND NBA
6%
1191 Billy Knight 3181 1975 INA ABA
6%
1268 Bob Kauffman 3136 1971 BUF NBA
6%
1178 Bob Rule 3188 1969 SEA NBA
6%
1398 Bob Rule 3078 1970 SEA NBA
6%
1284 Brian Winters 3131 1978 MIL NBA
6%
1039 Charles Oakley 3277 1994 NYK NBA
6%
1350 Charles Oakley 3102 1987 CHI NBA
6%
666 Cincy Powell 3554 1971 KEN ABA
6%
1323 Clark Kellogg 3115 1983 IND NBA
6%
792 Clem Haskins 3441 1970 CHI NBA
6%
909 Dana Barros 3351 1995 PHI NBA
6%
1373 Dan Roundfield 3092 1983 ATL NBA
6%
1441 Darrell Griffith 3056 1984 UTA NBA
6%
1521 Darrell Griffith 3028 1985 UTA NBA
6%
1094 Don Buse 3238 1976 INA ABA
6%
1095 Don Kojis 3238 1969 SDR NBA
6%
818 Donnie Freeman 3416 1969 MMF ABA
6%
1246 Donnie Freeman 3145 1970 MMF ABA
6%
1458 Ernie DiGregorio 3050 1974 BUF NBA
6%
1233 Gar Heard 3152 1974 BUF NBA
6%
1562 Gar Heard 3008 1976 BUF,PHO NBA
6%
971 Gene Shue 3308 1961 DET NBA
6%
1325 Gene Shue 3113 1962 DET NBA
6%
1376 Geoff Petrie 3091 1971 POR NBA
6%
889 Jeff Hornacek 3364 1992 PHO NBA
6%
1351 Jeff Hornacek 3101 1993 PHI NBA
6%
691 Jeff Ruland 3533 1984 WSB NBA
6%
1528 Jeff Ruland 3026 1983 WSB NBA
6%
1446 Joe Caldwell 3054 1970 ATL NBA
6%
1252 Kendall Gill 3140 1997 NJN NBA
6%
1409 Larry Drew 3073 1983 KCK NBA
6%
355 Mack Calvin 3986 1971 FLO ABA
6%
873 Mack Calvin 3376 1975 DNA ABA
6%
952 Mack Calvin 3321 1970 LAS ABA
6%
1342 Mack Calvin 3105 1972 FLO ABA
6%
1173 Otis Thorpe 3191 1988 SAC NBA
6%
1331 Otis Thorpe 3111 1994 HOU NBA
6%
1166 Purvis Short 3195 1985 GSW NBA
6%
1250 Rich Kelley 3141 1979 NOJ NBA
6%
1300 Rodney McCray 3123 1987 HOU NBA
6%
537 Ron Boone 3695 1975 UTS ABA
6%
657 Ron Boone 3562 1974 UTS ABA
6%
1112 Ron Boone 3230 1971 TEX,UTS ABA
6%
1483 Roy Tarpley 3043 1988 DAL NBA
6%
1111 Slick Watts 3230 1976 SEA NBA
6%
1525 Tom Gola 3027 1960 PHW NBA
6%
884 Tom Gugliotta 3369 1997 MIN NBA
6%
744 Warren Jabali 3481 1969 OAK ABA
6%
801 Warren Jabali 3432 1972 FLO ABA
6%
1254 Warren Jabali 3140 1973 DNR ABA
6%
396 Willie Wise 3914 1974 UTS ABA
6%
411 Willie Wise 3889 1972 UTS ABA
6%
759 Willie Wise 3468 1973 UTS ABA
6%
1070 Willie Wise 3257 1971 UTS ABA
6%
349 Zelmo Beaty 3997 1971 UTS ABA
6%
482 Zelmo Beaty 3763 1972 UTS ABA
6%
902 Zelmo Beaty 3357 1966 STL NBA
6%
1033 Zelmo Beaty 3280 1968 STL NBA
6%
1474 Zelmo Beaty 3045 1969 ATL NBA
6%
631 Bill Melchionni 3591 1972 NYA ABA
0%
1145 Bill Melchionni 3207 1971 NYA ABA
0%
752 Billy Paultz 3475 1976 SAA ABA
0%
1198 Billy Paultz 3177 1972 NYA ABA
0%
1293 Billy Paultz 3128 1973 NYA ABA
0%
1563 Billy Paultz 3008 1974 NYA ABA
0%
911 Bob Netolicky 3351 1970 INA ABA
0%
1408 Bob Netolicky 3075 1969 INA ABA
0%
832 Bob Verga 3407 1970 CAR ABA
0%
1382 Don Sidle 3088 1970 MMF ABA
0%
515 Doug Moe 3731 1968 NOB ABA
0%
1491 Gerald Govan 3040 1970 NOB ABA
0%
1067 Glen Combs 3258 1971 TEX,UTS ABA
0%
1411 Glen Combs 3072 1970 DLC ABA
0%
1187 Goose Ligon 3183 1970 KEN ABA
0%
1538 John Beasley 3019 1970 DLC ABA
0%
1552 John Beasley 3012 1968 DLC ABA
0%
692 John Brisker 3533 1971 PTC ABA
0%
1015 Larry Cannon 3287 1971 DNR ABA
0%
995 Levern Tart 3298 1970 NYA ABA
0%
1464 Manny Leaks 3049 1970 DLC ABA
0%
447 Ralph Simpson 3828 1976 DNA ABA
0%
589 Ralph Simpson 3648 1975 DNA ABA
0%
746 Ralph Simpson 3480 1972 DNR ABA
0%
1544 Ralph Simpson 3016 1973 DNR ABA
0%
1297 Ricky Sobers 3124 1978 IND NBA
0%
1213 Rudy LaRusso 3167 1968 SFW NBA
0%
1462 Scott Skiles 3049 1993 ORL NBA
0%
1489 Scott Skiles 3040 1991 ORL NBA
0%
1383 Skip Thoren 3087 1969 MMF ABA
0%
1467 Tom Owens 3048 1979 POR NBA
0%
1137 Walt Hazzard 3212 1968 SEA NBA
0%
No matching quizzes found
Score Distribution
Percent of People with Each Score
Percentile by Number Answered
Your Score History
You have not taken this quiz